| 000 | 00689nam a2200205 a 4500 | ||
|---|---|---|---|
| 001 | 000035526 | ||
| 005 | 20200930074416.0 | ||
| 008 | 111103s2002 ag 000 0 spa d | ||
| 020 | _a9500722607 | ||
| 040 |
_aDO-SdBNP _bspa _cBNPHU |
||
| 082 |
_axxxx _bH655n |
||
| 100 | 1 |
_aHilsenrath, Edgar, _d1926- _961412 |
|
| 245 | 1 | 3 |
_aEl nazi y el peluquero / _cEdgar Hilsenrath ; traducción Mariano Grynszpan, Alejandra Obermeier. |
| 260 |
_aBuenos Aires, Argentina : _bSudamericana, _c2002. |
||
| 300 |
_a319 p. ; _c22 cm. |
||
| 490 | 1 | _aNarrativas contemporáneas | |
| 700 | 1 |
_aGrynszpan, Mariano _961413 |
|
| 700 | 1 |
_aObermeier, Alejandra _961414 |
|
| 830 | 0 |
_aNarrativas contemporáneas _961415 |
|
| 999 |
_c35017 _d35017 |
||